| 000 | 01130nam a2200301Ia 4500 | ||
|---|---|---|---|
| 001 | ebr10206327 | ||
| 003 | CaPaEBR | ||
| 006 | m u | ||
| 007 | cr cn||||||||| | ||
| 008 | 010702s2001 caua sb 001 0 eng d | ||
| 010 | _z 00103464 | ||
| 020 | _z0122476654 | ||
| 040 |
_aCaPaEBR _cCaPaEBR |
||
| 035 | _a(OCoLC)162129336 | ||
| 050 | 1 | 4 |
_aTA365 _b.F34 2001eb |
| 082 | 0 | 4 |
_a620.2 _221 |
| 100 | 1 | _aFahy, Frank. | |
| 245 | 1 | 0 |
_aFoundations of engineering acoustics _h[electronic resource] / _cFrank Fahy. |
| 260 |
_aSan Diego, Calif. : _bAcademic, _cc2001. |
||
| 300 |
_axix, 443 p. : _bill. |
||
| 504 | _aIncludes bibliographical references (p. [430]-434) and index. | ||
| 533 |
_aElectronic reproduction. _bPalo Alto, Calif. : _cebrary, _d2009. _nAvailable via World Wide Web. _nAccess may be limited to ebrary affiliated libraries. |
||
| 650 | 0 | _aAcoustical engineering. | |
| 650 | 0 | _aAcoustic imaging. | |
| 655 | 7 |
_aElectronic books. _2local |
|
| 710 | 2 | _aebrary, Inc. | |
| 856 | 4 | 0 |
_uhttp://site.ebrary.com/lib/rucke/Doc?id=10206327 _zAn electronic book accessible through the World Wide Web; click to view |
| 999 |
_c224984 _d224984 |
||